Eurovision Song Lyrics - Belgium - Statistics

General Stats
  • This quiz has been taken 19 times
  • The average score is 139 of 271
Answer Stats
Answer % Correct
a
100%
I
93%
to
87%
the
80%
you
80%
You
80%
miss
67%
No
67%
no
67%
(No)
67%
when
67%
gonna
60%
I'm
60%
And
53%
and
53%
break
53%
do
53%
Promise
53%
chase
47%
fall
47%
for
47%
I'll
47%
love
47%
never
47%
now
47%
your
47%
Am
40%
been
40%
escape
40%
eyes
40%
feel
40%
hate
40%
is
40%
it
40%
my
40%
of
40%
on
40%
Sometimes
40%
sometimes
40%
through
40%
up
40%
won't
40%
behind
33%
close
33%
Don't
33%
down
33%
I've
33%
left
33%
like
33%
lose
33%
mind
33%
sadness
33%
soul
33%
that
33%
trying
33%
waiting
33%
wrong
33%
alive
27%
answer
27%
bad
27%
blue
27%
But
27%
call
27%
cold
27%
cool
27%
day
27%
erase
27%
fine
27%
fine)
27%
Give
27%
goes
27%
good
27%
gotta
27%
Life
27%
life
27%
live
27%
lying
27%
make
27%
nightmare
27%
One
27%
out
27%
past
27%
said
27%
(Said
27%
see
27%
side
27%
That's
27%
Wanna
27%
wanna
27%
bright
20%
find
20%
way
20%
booze
13%
stay
13%
No matching quizzes found
Score Distribution
Percent of People with Each Score
Percentile by Number Answered
Your Score History
You have not taken this quiz